书目信息 |
| 书名: | The Oxford miniguide to English usage | |
| 作者: | compiled by E. S. C. Weiner. | |
| 分册号: | ||
| 分册名: | 出版地: | Oxford [Oxfordshire] : |
|
| 出版社: | AT THE CLARENDON PRESS | |
| 出版时间: | 1983. | |
| 页数: | xxii, 412 p. ; | |
| 开本: | 13 cm. | |
| 丛书名: | ||
| 中图分类号: | ||
| 科图分类号: | ||
| 其他分类号: | H31 | |
| 主题词: | ||
| 电子资源: | ||
| 000 | 00690pam 2200217Ia 4500 | |
| 001 | E0732421493 | |
| 005 | 20070211090314.51 | |
| 008 | 030505s1983 enk 001 0 eng | |
| 010 | @a83004189 | |
| 020 | @a0-19-869127-0 :@cCNY1.20. | |
| 040 | @aDLC@cDLC@dYNG | |
| 090 | @aJ680.44/W8 | |
| 090 | @aH31 | |
| 099 | @dH31@ex164 | |
| 100 | 1 | @aWeiner, E. S. C. |
| 245 | 14 | @aThe Oxford miniguide to English usage / @ccompiled by E. S. C. Weiner. |
| 260 | @aOxford [Oxfordshire] :@bAT THE CLARENDON PRESS ;@aNew York :@bOxford University Press,@c1983. | |
| 300 | @axxii, 412 p. ;@c13 cm. | |
| 500 | @aIncludes indexes. | |
| 650 | 0 | @aEnglish language@xUsage. |
| 920 | @a232010@z2 | |
| The Oxford miniguide to English usage / / compiled by E. S. C. Weiner.-Oxford [Oxfordshire] : : AT THE CLARENDON PRESS ; ; New York : : Oxford University Press, , 1983. |
| xxii, 412 p. ; ; 13 cm. |
| Includes indexes. |
| ISBN 0-19-869127-0 :CNY1.20. |
| ● |
| 相关链接 |
|
|
|
|
正题名:Oxford miniguide to English usage
索取号:H31/x164
 
预约/预借
| 序号 | 登录号 | 条形码 | 馆藏地/架位号 | 状态 | 备注 |
| 1 | 151684 | 001034017 | 第四借阅区/ [索取号:H31/x164] | 在馆 | |
| 2 | 151685 | 001034106 | 密集书库/ [索取号:H31/x164] | 在馆 | |
| 3 | 151686 | 001034071 | 密集书库/ [索取号:H31/x164] | 在馆 | |
| 4 | 151687 | 001033964 | 密集书库/ [索取号:H31/x164] | 在馆 | |
| 5 | 151688 | 001034080 | 密集书库/ [索取号:H31/x164] | 在馆 | |
| 6 | 151689 | 001034053 | 密集书库/ [索取号:H31/x164] | 在馆 | |
| 7 | 151690 | 001043775 | 密集书库/ [索取号:H31/x164] | 在馆 | |
| 8 | 151691 | 001034099 | 密集书库/ [索取号:H31/x164] | 在馆 | |
| 9 | 151692 | 001034026 | 第四借阅区/ [索取号:H31/x164] | 在馆 | |
| 10 | 151693 | 001034062 | 第二样本阅览室/ [索取号:H31/x164] | 在馆 |